000 00796nam a2200265 a 4500
001 24998
003 CO-ViMGA
008 141112s2004 ck r 000 u spa d
020 _a9789588445687
040 _aCO-ViMGA
_bspa
_cCO-ViMGA
041 _aSPA
090 _aP RON1
100 1 _aRondón, Javier
_952463
245 1 0 _aEl sapo distraído /
_cJavier Rondón ; diseño e ilustración Marcela Cabrera
260 _aBogotá :
_bEkaré,
_c2012
300 _a24 p. : il. col. : il.
650 1 4 _aAUTORES VENEZOLANOS
_91704
650 1 4 _aDESDE LOS 18 MESES
_937901
650 1 4 _aJUEGOS CON LA PALABRA
_937902
650 1 4 _aLITERATURA INFANTIL VENEZOLANA
_91703
650 1 4 _aRIMAS INFANTILES
650 1 4 _aSAPOS - POESIA
_937903
700 1 _aCabrera, Marcela
_937904
942 _2ddc
_cBK
999 _c2609
_d2609